[Event "ARG-ch 85th"]
[Site "Buenos Aires"]
[Date "2010.07.15"]
[Round "10"]
[White "Leeuw, Pablo Gabriel"]
[Black "Ricciardi, Gabriel"]
[Result "1-0"]
[WhiteElo "2071"]
[BlackElo "1599"]
[PlyCount "33"]
[EventDate "2010.07.05"]
[EventType "swiss"]
[EventRounds "11"]
[EventCountry "ARG"]
[SourceTitle "CBM 137 Extra"]
[Source "ChessBase"]
[SourceDate "2010.09.01"]
[SourceVersion "1"]
[SourceVersionDate "2010.09.01"]
[SourceQuality "1"]

1. e4 e5 2. Nf3 Nc6 3. Bb5 Bc5 4. 0-0 Nge7 5. c3 Bb6 6. d4 exd4 7. cxd4 d5 8. exd5 Nxd5 9. Re1+ Be6 10. Bg5 Qd6 11. Nbd2 0-0 12. Nc4 Qb4 13. a4 a6 14. Bxc6 bxc6 15. Rc1 Bg4 16. Bd2 Bxf3 17. gxf3 1-0

[Event "ARG-ch 85th"]
[Site "Buenos Aires"]
[Date "2010.07.06"]
[Round "2"]
[White "Gaitan, Juan Manuel"]
[Black "Ricciardi, Gabriel"]
[Result "1-0"]
[WhiteElo "2047"]
[BlackElo "1599"]
[PlyCount "47"]
[EventDate "2010.07.05"]
[EventType "swiss"]
[EventRounds "11"]
[EventCountry "ARG"]
[SourceTitle "CBM 137 Extra"]
[Source "ChessBase"]
[SourceDate "2010.09.01"]
[SourceVersion "1"]
[SourceVersionDate "2010.09.01"]
[SourceQuality "1"]

1. d4 d6 2. c4 Nf6 3. Nc3 c6 4. e4 Qa5 5. Qc2 e5 6. d5 Be7 7. Nf3 Bg4 8. Be2 Nbd7 9. 0-0 0-0 10. Be3 Rfc8 11. Rfd1 cxd5 12. Nxd5 Qd8 13. a4 Be6 14. Nxf6+ Nxf6 15. Nxe5 Qc7 16. Nf3 Bg4 17. b3 Bh5 18. Nd4 Bg6 19. Bd3 a6 20. f3 Nd7 21. Ne2 Ne5 22. Nc3 Qa5 23. Nd5 Bd8 24. b4 1-0

[Event "ARG-ch 85th"]
[Site "Buenos Aires"]
[Date "2010.07.05"]
[Round "1"]
[White "Ricciardi, Gabriel"]
[Black "Sanhueza, Cristian"]
[Result "0-1"]
[WhiteElo "1599"]
[BlackElo "2199"]
[PlyCount "64"]
[EventDate "2010.07.05"]
[EventType "swiss"]
[EventRounds "11"]
[EventCountry "ARG"]
[SourceTitle "CBM 137 Extra"]
[Source "ChessBase"]
[SourceDate "2010.09.01"]
[SourceVersion "1"]
[SourceVersionDate "2010.09.01"]
[SourceQuality "1"]

1. e4 e5 2. Nf3 Nc6 3. d4 exd4 4. Nxd4 Nf6 5. Nc3 Bb4 6. Nxc6 bxc6 7. Bd3 d5 8. exd5 cxd5 9. Qe2+ Be7 10. 0-0 0-0 11. Re1 Re8 12. Bg5 Bg4 13. Qd2 c6 14. Qf4 Qd7 15. h3 Bh5 16. Bf5 Qb7 17. Qc1 Bg6 18. Bxg6 hxg6 19. b3 Bb4 20. Bd2 Rxe1+ 21. Bxe1 Re8 22. a3 Bc5 23. Na4 Bd6 24. f3 Nh5 25. Qd2 Qe7 26. Bf2 Qe5 27. Re1 Qh2+ 28. Kf1 Rxe1+ 29. Bxe1 Qh1+ 30. Ke2 Qxg2+ 31. Kd1 Qxf3+ 32. Kc1 Bf4 0-1